| 000 | 00351 a2200121 4500 | ||
|---|---|---|---|
| 001 | ART_15809 | ||
| 005 | 20260410161736.0 | ||
| 008 | 260409a | ||
| 245 | 1 | 0 | _aLos costos de la emergencia |
| 100 | 1 | _aSan Martín, Jorge A. | |
| 700 | 1 | _aCravino, Daniel | |
| 773 | 0 |
_tEjecutivos de finanzas _g- Año 7, Nº 59 (sep. 1989) _wREV2863 |
|
| 999 |
_c18273 _d18273 |
||